Statistics for Mayors of Jacksonville by Picture

Click here to take the quiz!

General Stats

  • This quiz has been taken 3 times
  • The average score is 2 of 7

Answer Stats

Answer% Correct
Alvin Brown
100%
John Peyton
67%
Lenny Curry
67%
Duncan U. Fletcher
0%
John W. Martin
0%
Van C. Swearingen
0%
W. Haydon Burns
0%

Score Distribution

Percentile by Number Answered

Percent of People with Each Score

Your Score History

You have not taken this quiz